000 00651nam a2200277Ia 4500
005 20260324143531.0
008 008 260324s9999 xx 000 0 eng d
020 _a9780203812259
037 _aEBOOK
040 _aCRL
040 _beng
040 _cCRL
041 _2eng
041 _aeng
084 _qCRL
100 _aDonal Carbaugh
_91186998
245 0 _aCultural Communication and Intercultural Contact
260 _bTaylor and Francis
260 _c1991
365 _a
365 _b180
856 _uhttp://www.taylorfrancis.com/books/9780203812259
942 _cEBOOK
999 _c1821506
_d1821506